| 000 | 00538nam a2200217Ia 4500 | ||
|---|---|---|---|
| 003 | OSt | ||
| 005 | 20220928145610.0 | ||
| 006 | a|||||r|||| 00| 0 | ||
| 007 | ta | ||
| 008 | 220927b |||||||| |||| 00| 0 eng d | ||
| 024 | _a81425 | ||
| 037 | _cTextual | ||
| 040 |
_aSDCL _cSDCL _beng |
||
| 041 |
_2eng _aeng |
||
| 082 | _aV3:19'M3, M0 | ||
| 100 |
_aCobden Richard _9513633 |
||
| 245 | 0 | _aEngland,Ireland,and America | |
| 260 | _c1980 | ||
| 942 |
_hV3:19'M3, M0 _cTEXL _2CC |
||
| 999 |
_c834281 _d834281 |
||